LEADER 01053naa a2200217 u 4500 001 000000097131 003 CaOOAMICUS 005 20070226130149.0 008 050501s1974 it u000 u ita u 035 $a11043852 040 $aIAR$bita 100 1 $aPagnoni-Sturlese, Maria Rita.$0(OLS)http://pul/name/3850 245 10$aPrime note sulla tradizione medievale ed umanistica di Epicuro /$cMaria Rita Pagnoni. 260 $aPisa :$bScuola Normale,$c1974. 300 $aS. 1443-1477 ;$c25 cm 600 04$aEpicurus,$d341-270 a.C.$0(OLS)http://pul/subject/148 730 0 $aAnnali della Scuola normale superiore di Pisa, Classe di lettere e filosofia$g[Spogli].$0(OLS)http://pul/title/24292 773 0 $tAnnali della Scuola Normale Superiore di Pisa$gSerie III, vol. IV,4 (1974). 773 0 $tAnnali della Scuola normale superiore di Pisa, Classe di lettere e filosofia$w()16982 996 $6245$aPrime note sulla tradizione medievale ed umanistica di Epicuro$9(OLS)http://pul/title/124015 996 $6260$aPisa :$bScuola Normale$9(OLS)http://pul/publisher/79182 LEADER 01567nam a2200349 u 4500 001 000000028720 003 CaOOAMICUS 005 20070226111832.0 008 961009s1990 enk u000 u fre u 020 $a086078262X 035 $a10743314 040 $aPUL(R)$bita 100 1 $aDondaine, Antoine,$cO.P.$0(OLS)http://pul/name/23343 245 14$aLes heresies et l'Inquisition, XIIe-XIIIe siecles :$bdocuments et études /$cAntoine Dondaine O.P. ; edité par Yves Dossat. 260 $aHampshire :$bVariorum,$c1990. 300 $ax, 340 p. ;$c22 cm 490 1 $aCollected studies series ;$v314 500 $aComprende indici. 504 $aBibliografia in nota. 651 4$aEuropa occidentale$xStoria$ySec. XII.$0(OLS)http://pul/subject/3896 700 1 $aDossat, Yves.$0(OLS)http://pul/name/2052 830 0$aCollected studies series ;$v314.$0(OLS)http://pul/title/72 850 $aPUL 852 $aPUL$W1$xDP1 Fondo Maccarrone$y58$m1507 F 26$j39861$nBK-PRI$b $qFondi$B39861$CPULBib$Z2$F39861 $H $81 852 $aPUL$W1$xSL Filosofia 1$y2$m115 H 6$j39862$nBK-PRI$b $qStampati$B39862$CPULBib$Z2$F39862 $H $81 941 1 $a8 941 1 $a1 961 $aINV: 021776 -- Fondo Mons. M. Maccarrone 961 $aINV: 77618 996 $6020$a086078262X$9(OLS)http://pul/number/35693 996 $6245$aLes heresies et l'Inquisition, XIIe-XIIIe siecles :$bdocuments et études$9(OLS)http://pul/title/39209 996 $6260$aHampshire :$bVariorum$9(OLS)http://pul/publisher/60183